| 000 | 00677nam a2200205 i 4500 | ||
|---|---|---|---|
| 001 | 8350 | ||
| 003 | ES-MaACL | ||
| 005 | 20250509063104.0 | ||
| 007 | t| | ||
| 008 | 920506s1989 sp |||| | spa d | ||
| 020 | _a84-404-5474-0 | ||
| 080 | _a91(65) | ||
| 100 | 0 |
_aMachordom Comins, Álvaro _975196 |
|
| 245 | 1 | 0 |
_aArgelia _b: de Massinissa a Chadli : la epopeya de un pueblo / _cÁlvaro Machordom Comins. |
| 260 |
_aMadrid : _b[Á. Machordom Comins], _c1989. |
||
| 300 |
_a349 p., [32] p. de fot. : _bil. ; _c30 cm. |
||
| 651 | 4 |
_aArgelia- _xHistoria. _97801 |
|
| 852 |
_aES-MaACL _jL-15651 _z. - Dedicatoria autógrafa del autor |
||
| 999 |
_c8350 _d8350 |
||